000 00661nam a2200241Ia 4500
003 OSt
005 20220923215103.0
006 a|||||r|||| 00| 0
007 ta
008 220922b |||||||| |||| 00| 0 hin d
024 _a175,431
037 _cTextual
040 _aARTS
_cARTS
_bhin
041 _2hin
_ahin
082 _aO152:9N5, K62.2
100 _aटण्डन, विश्वनाथ
245 0 _aअच्छी हिन्दी
246 _aAchchhī hindī
260 _c1966
300 _a[kaM 2
_ccm.
942 _hO152:9N5, K62.2
_cTEXL
_2CC
999 _c329135
_d329135